00991nam a2200229 i 450000100060000000300090000600500170001500700030003200800410003510000310007624502320010726000630033930000220040265000440042465000330046865000280050170000260052970000460055585200220060199900170062395201210064070778ES-MaACL20250405233717.0t|040802s1920 sp ||||1| spa d1 aGarofalo, Raffaele.95562213aLa criminología b: estudio sobre el delito y sobre la teoría de la represión / cpor Raffaele Garofalo ; con un apéndice sobre los términos del problema penal por Luis Carelli ; traducción por Pedro Dorado Montero. aMadrid : b[s.n., c1920] (fImp. de Gabriel L. del Horno) a528 p. ; c23 cm. 4aTeoría jurídica del delito.9145060 4aTeoría de la pena.9141747 4aCriminología.91358321 aCarelli, Luis.9352271 aDorado Montero, Pedro, d1861-1919945376 aES-MaACLjF-14870 c70778d70778 00104070aATENEOMbATENEOMcSPP2d2008-01-17eSCl0oF-14870p1074108r2023-02-23 00:00:00w2023-02-23yMONOGRAFIA